00756nam a2200229 a 450000100060000000300080000600500170001400800410003102000400007203500190011204000270013104100080015808200290016610000220019524500680021725000120028526000310029730000360032850400510036465000500041583000610046566287BD-RjUL20211209081523.0170315s1997 nyuab b 001 0 eng  a0471162604 (cloth : acidfree paper) a(BD-RjUL)66417 aDLCcDLCdBD-RjULbeng aeng00a621.384156223bFRR 19971 aFreeman, Roger L.10aRadio system design for telecommunications /cRoger L. Freeman. a2nd ed. aNew York :bWiley,cc1997. axxiii, 887 p. :bill. ;c25 cm. aIncludes bibliographical references and index. 0aRadio relay systemsxDesign and construction. aWiley series in telecommunications and signal processing